00853nam a2200241 a 450000100060000000300080000600500170001400800410003103500190007204000320009104100080012308200270013110000220015824500500018026000910023030000330032149000820035450400360043665000270047265000200049971000390051983000530055857969BD-RjUL20211209080553.0161212s1963 ii af b s001 0 eng d a(BD-RjUL)58093 aOUNcOUNdCRLdBD-RjULbeng aeng 223a730.9548bSRB 19631 aSrinivasan, P. R.10aBronzes of South India /cby P.R. Srinivasan. aMadras :bPrinted at India Press for the Controller of Stationery and Printing,c1963. avi, 396 p. :bill. ;c30 cm.1 aBulletin of the Madras Government Museum. New series, general section ;vv. 8 aIncludes index and bibliography 0aBronzeszIndia, South. 0aBronzes, Indic.2 aGovernment Museum (Chennai, India) 0aBulletin of the Madras Government Museum.vv. 8.